000 00494cam a2200181ua 4500
001 1997
008 110806n ii |||gr||||Z||||||eng
040 _cMAIN
082 _a370.1
100 _aKar, B. C.,
_eAuthor.
245 1 _aEducation :
_ba study of its principles and psychology /
_cby B. C. Kar
250 _a1st.
260 _aGuahati:
_bNew Book Stall,968.
300 _avii; 318p:
_c23cm.
653 _aEducation
653 _aa study of its principles and psychology
942 _cBK
999 _c1869
_d1869